000 00679nam a22002297a 4500
003 OSt
005 20140310181919.0
008 130718t xxu||||| |||| 00| 0 eng d
020 _a9043119822
050 _aMT 485
_b.Sh552 2004
082 _aTR 784.8
_bSh5 2004
100 _aSheridan, Patrick
_91457
245 _aTuba in C : Patrick Sheridan presents:
_bstyle studies /
300 _a39 p. :
_bill. ;
_c31 cm.
500 _a"CD recorded by De Haske Sound Services BV" --+.p. verso
521 _aFaculty
541 _j1
562 _e1
650 _aInstrumental ensembles
_xScores.
_91458
650 _aWind ensembles
_xScores.
_91459
942 _2lcc
_cBK-TR
_kTR
999 _c6921
_d6921